It looks like you're offline.
Open Library logo
additional options menu

MARC record from Internet Archive

LEADER: 01410cam 22004090 4500
001 0116400205351
001 0116400205369
001 0116400205377
001 0116400205385
001 0116400205393
001 0116400205401
001 0116400205419
001 0116400205427
001 0116400205435
001 0116400205443
001 0116400205450
001 0116400205468
001 0116400205476
001 0116400205484
001 0116400205492
008 660505s1959 nyu 00010 eng u
035 $a(Sirsi) ABA-0237
035 $a50620137
035 $arecon$fefh
040 $aOPET$beng
046 $aOTSCC$beng
090 $aQP 501 .I47 1958$bb$d1-15
110 1 $aInternational Congress of Biochemistry.$b4th, Vienna, 1958.
245 00 $aProceedings.
250 $aGeneral editor: O. Hoffmann-Ostenhof.
260 $aNew York, Published for and on behalf of the organizers and the International Union of Biochemistry by the Symposium Publications Division, Pergamon Press [1959-60]
300 $a15 v. illus., diagrs. ;$c28 cm.
490 0 $aI.U.B. symposium series, v. 3-17
500 $aERIN lacks v. 8. English, French, German, or Russian. Errata slip inserted in v. 3. Vol. 15 has imprint: Oxford, Pergamon Press. Includes bibliography.
650 4 $aBiological chemistry$xCongresses
700 10 $aHoffmann-Ostenhof, Otto,$d1914-ed.
830 0 $aI.U.B. symposium series,$vv.$b3-17.